| 000 | 00886nam a2200289Ia 4500 | ||
|---|---|---|---|
| 003 | OSt | ||
| 005 | 20220912150836.0 | ||
| 006 | a|||||r|||| 00| 0 | ||
| 007 | ta | ||
| 008 | 220909b |||||||| |||| 00| 0 eng d | ||
| 020 | _a0838536905^bpbk | ||
| 024 | _a6569 | ||
| 037 | _bEducational, | ||
| 037 | _cTextual | ||
| 040 |
_aCSL _beng _cCSL |
||
| 041 | _aeng | ||
| 082 | _aE9G, M8;P0;5 | ||
| 100 | _aMurray Robert K^eand REFs | ||
| 245 | 0 | _aHarper's biochemistry by Robert K Murray and REFs | |
| 250 | _aEd 25 | ||
| 260 |
_aStamford _bAppleton Lange _c2000 |
||
| 300 | _axi,927p | ||
| 500 | _aIncludes bibliographical references; Appendix867-876p; Index 877-927p; ^n23/CSL/IX-Plan/99-2000/965^d2000-03-28^mPurchase | ||
| 650 | _aBiochemistry | ||
| 942 |
_hE9G, M8;P0;5 _cTEXL _2CC |
||
| 999 |
_c56024 _d56024 |
||